000 01374nam a2200373Ii 4500
001 DIGPOLIF0040
003 NyNyDIG
006 m o d
007 cr |||||||||||
008 131001s1995 sp b ob 001 0 spa d
020 _z8486547318
020 _z9788486547318
035 _a(OCoLC)645842066
040 _aDGITA
_beng
_epn
_cDGITA
043 _ae-sp---
050 1 4 _aBX1587.C67 eBook
100 1 _aSanz Sancho, Iluminado,
_d1946-
245 1 0 _aGeografía del obispado de Córdoba en la Baja Edad Media /
_cIluminado Sanz Sancho.
264 1 _aMadrid :
_bUniversidad Autónoma de Madrid :
_bEdiciones Polifemo,
_c1995.
300 _a1 online resource (ix, 203 pages) :
_bmaps
336 _atext
_btxt
_2rdacontent
337 _acomputer
_bc
_2rdamedia
338 _aonline resource
_bcr
_2rdacarrier
504 _aIncludes bibliographical references (p. [3]-12) and index.
610 2 0 _aCatholic Church
_zSpain
_zCórdoba (Province)
_xHistory.
651 0 _aCórdoba (Spain : Province)
_xChurch history.
651 0 _aCórdoba (Spain : Province)
_xGeography.
655 0 _aElectronic books.
791 2 _aDigitalia (Firm),
_edistributor.
793 0 _gDigitalia eBook Collection:
_aEdiciones Polifemo.
856 4 0 _3Digitalia Hispánica
_uhttps://www.digitaliapublishing.com/a/18895/
910 _aPremium Collection: 2007-2012
942 _cRAA
999 _c236132
_d236132